Ο ενεργειακός σχεδιασμός αυτόνομου νησιού με διείσδυση ανανεώσιμων πηγών ενέργειας : η περίπτωση της Σύμης : [διατριβή]

Αποθηκεύτηκε σε:
Λεπτομέρειες βιβλιογραφικής εγγραφής
Κύριος συγγραφέας: Κωνσταντή, Φωτεινή
Συγγραφή απο Οργανισμό/Αρχή: Πανεπιστήμιο Αιγαίου Σχολή Περιβάλλοντος Τμήμα Περιβάλλοντος Πρόγραμμα Μεταπτυχιακών Σπουδών Περιβαλλοντική Πολιτική και Διαχείριση
Άλλοι συγγραφείς: Χαραλαμπόπουλος, Δίας (Εισηγητής διατριβής)
Μορφή: Thesis Βιβλίο
Γλώσσα:Greek
Δημοσίευση: 2012
Θέματα:
Διαθέσιμο Online:http://hdl.handle.net/11610/15074
Ετικέτες: Προσθήκη ετικέτας
Δεν υπάρχουν, Καταχωρήστε ετικέτα πρώτοι!

MARC

LEADER 00000cam a2200000 i 4500
001 1/33749
008 130801s2012 gre d
035 |l 10115147 
040 |a GR-MY-UA  |b gre  |e aacr 
041 0 |a gre 
082 0 |a 333.79  |2 (22) 
100 1 |a Κωνσταντή, Φωτεινή. 
245 1 2 |a Ο ενεργειακός σχεδιασμός αυτόνομου νησιού με διείσδυση ανανεώσιμων πηγών ενέργειας :  |b η περίπτωση της Σύμης : [διατριβή] /  |c Κωνσταντή Φωτεινή ; επιβλέπων καθηγητής: Χαραλαμπόπουλος Δ. 
260 |c 2012 
300 |a 91 σ.;  |b εικ.;  |c 30 εκ. 
500 |a Βιβλιογραφία: σ. 80-82 
502 |a Διατριβή (μεταπτυχιακή) – Πανεπιστήμιο Αιγαίου, Λέσβος, 2012. 
650 0 |a Wind power  |z Greece  |z Syme (Municipality) 
650 0 |a Renewable energy sources  |z Greece  |z Syme (Municipality) 
650 0 |a Energy consumption  |z Greece  |z Syme (Municipality) 
650 0 0 |a Dissertations, Academic  |z Greece. 
700 1 |a Χαραλαμπόπουλος, Δίας.  |4 ths 
710 2 |a Πανεπιστήμιο Αιγαίου  |b Σχολή Περιβάλλοντος  |b Τμήμα Περιβάλλοντος  |b Πρόγραμμα Μεταπτυχιακών Σπουδών Περιβαλλοντική Πολιτική και Διαχείριση. 
852 |a INST  |b LESVOS  |c DIATR  |e 20130801  |h 733  |p 005100052333  |q 005100052333  |t MTXE  |y 23 
852 |a INST  |b LESVOS  |c DIATR  |e 20130801  |h 734  |p 005100052334  |q 005100052334  |t MTXE  |y 23 
856 |u http://hdl.handle.net/11610/15074 
901 |a BIBL1-2013-2 
909 |a Λ  |b 181751 
909 |a Λ  |b 181752 
924 |a ΚΩΝΣΤΑΝΤΗ  |b ΦΩΤΕΙΝΗ  |y ΛΕΣΒΟΣ  |z 2012-10 
970 |a ΤΖΑΦΕΡΗ  |b ΕΥΑΓΓΕΛΙΑ  |z 2013/07/30